| 000 | 01608nam a2200433 i 4500 | ||
|---|---|---|---|
| 001 | 107582 | ||
| 003 | FINmELB | ||
| 005 | 20241217173806.0 | ||
| 006 | m o d | | ||
| 007 | cr cnu|||||||| | ||
| 008 | 170116s2012 mx o 001 0 spa d | ||
| 020 | _z9786071606389 | ||
| 020 |
_a9786071612991 _q(e-book) |
||
| 035 | _a(OCoLC)984784659 | ||
| 040 |
_aFINmELB _bspa _erda _cFINmELB |
||
| 050 | 4 |
_aQA39.2 _bP949 2012 |
|
| 080 | _a51 | ||
| 082 | 0 |
_a510 _223 |
|
| 100 | 1 | _aPrieto de Castro, Carlos. | |
| 245 | 1 | 0 |
_aSarando vuleve al mundo de las matemáticas / _cCarlos Prieto de Castro. |
| 264 | 1 |
_aMéxico D.F. : _bFCE - Fondo de Cultura Económica, _c[2012] |
|
| 300 | _a1 recurso en línea (221 páginas sin numerar) | ||
| 336 |
_atexto _btxt _2rdacontent/spa |
||
| 337 |
_acomputadora _bc _2rdamedia/spa |
||
| 338 |
_arecurso en línea _bcr _2rdacarrier/spa |
||
| 490 | 1 |
_aColección La Ciencia para todos ; _v233 |
|
| 500 | _aContiene índice. | ||
| 588 | _aDescripción basada en metadatos suministrados por el editor y otras fuentes. | ||
| 590 | _aRecurso electrónico. Santa Fe, Arg.: elibro, 2020. Disponible vía World Wide Web. El acceso puede estar limitado para las bibliotecas afiliadas a elibro. | ||
| 650 | 0 | _aMathematics. | |
| 650 | 4 | _aMatemáticas. | |
| 655 | 4 | _aLibros electrónicos. | |
| 797 | 2 | _aelibro, Corp. | |
| 830 | 0 |
_aColección La Ciencia para todos ; _v233. |
|
| 856 | 4 | 0 | _uhttps://elibro.net/ereader/politecnicointernacional/110671 |
| 999 |
_c107582 _d107582 |
||